Movies Quiz

Random Movies or Actor Quiz
Score 0/18 Timer 05:00
1 Play Today
% Correct
Halloween
94.6%
Airplane!
75.9%
The Birds
75.4%
The Mask
71.6%
To Kill a Mockingbird
70.7%
The Color Purple
64.7%
Lawrence of Arabia
64.2%
Dreamgirls
62.3%
Indiana Jones and the Temple of Doom
61.5%
% Correct
Superbad
53.3%
Willy Wonka & the Chocolate Factory
51.7%
A Nightmare on Elm Street
48.7%
Guess Who's Coming to Dinner
41.6%
Paper Moon
38.6%
Ocean's Eleven
31.2%
Moonrise Kingdom
29.5%
Empire of the Sun
28.8%
Heavenly Creatures
12.9%
Remove Ads.
Support Sporcle.
Get the best of Sporcle when you Go Orange. This ad-free experience offers more features, more stats, and more fun while also helping to support Sporcle. Thank you for becoming a member.

You're not logged in!

Compare scores with friends on all Sporcle quizzes.
OR
Log In

Show Comments

Extras

Top Quizzes Today


Score Distribution

Your Account Isn't Verified!

In order to create a playlist on Sporcle, you need to verify the email address you used during registration. Go to your Sporcle Settings to finish the process.

Report this User

Report this user for behavior that violates our Community Guidelines.

Details: